00226nam a2200097Ia 4500008004100000041001200041100001600053245004600069260000600115650000700121221030s9999 xx 000 0 und d aEnglish aP. K. Gupta 0aFundamentals of Insurancecby P. K. Gupta c0 aMb